Синтез фрагментов голоса человека на основе реконструкции частотных спектров; Молодежь и современные информационные технологии

Dades bibliogràfiques
Parent link:Молодежь и современные информационные технологии.— 2020.— [С. 16-17]
Autor principal: Лань Г.
Autor corporatiu: Национальный исследовательский Томский политехнический университет Инженерная школа информационных технологий и робототехники Отделение информационных технологий
Altres autors: Фадеев А. С. Александр Сергеевич (научный руководитель), Моргунов А. Н.
Sumari:Заглавие с титульного экрана
Idioma:rus
Publicat: 2020
Col·lecció:Компьютерное моделирование и интеллектуальный анализ данных
Matèries:
Accés en línia:http://earchive.tpu.ru/handle/11683/62180
Format: Electrònic Capítol de llibre
KOHA link:https://koha.lib.tpu.ru/cgi-bin/koha/opac-detail.pl?biblionumber=631110

MARC

LEADER 00000naa2a2200000 4500
001 631110
005 20231214154603.0
035 |a (RuTPU)RU\TPU\conf\32809 
035 |a RU\TPU\conf\32808 
090 |a 631110 
100 |a 20200623d2020 k y0rusy50 ca 
101 0 |a rus 
102 |a RU 
105 |a y z 101zy 
135 |a drcn ---uucaa 
181 0 |a i  
182 0 |a b 
200 1 |a Синтез фрагментов голоса человека на основе реконструкции частотных спектров  |f Г. Лань, А. С. Фадеев, А. Н. Моргунов  |g науч. рук. А. С. Фадеев 
203 |a Текст  |c электронный 
225 1 |a Компьютерное моделирование и интеллектуальный анализ данных 
300 |a Заглавие с титульного экрана 
320 |a [Библиогр.: с. 17 (5 назв.)] 
463 0 |0 (RuTPU)RU\TPU\conf\32807  |t Молодежь и современные информационные технологии  |o сборник трудов XVII Международной научно-практической конференции студентов, аспирантов и молодых учёных, 17-20 февраля 2020 г., г. Томск  |f Национальный исследовательский Томский политехнический университет, Инженерная школа информационных технологий и робототехники ; под ред. Д. М. Сонькина [и др.]  |v [С. 16-17]  |d 2020 
610 1 |a электронный ресурс 
610 1 |a труды учёных ТПУ 
610 1 |a синтез 
610 1 |a синтезирование 
610 1 |a фрагменты 
610 1 |a голоса 
610 1 |a реконструкция 
610 1 |a частотные спектры 
610 1 |a выходные сигналы 
610 1 |a звукозапись 
610 1 |a человеческая речь 
610 1 |a алгоритмы 
700 1 |a Лань  |b Г. 
701 1 |a Фадеев  |b А. С.  |c специалист в области информатики и вычислительной техники  |c проректор по цифровизации - директор центра цифровых образовательных технологий, доцент Томского политехнического университета, кандидат технических наук  |f 1981-  |g Александр Сергеевич  |3 (RuTPU)RU\TPU\pers\29662  |9 14175 
701 1 |a Моргунов  |b А. Н. 
702 1 |a Фадеев  |b А. С.  |c специалист в области информатики и вычислительной техники  |c проректор по цифровизации - директор центра цифровых образовательных технологий, доцент Томского политехнического университета, кандидат технических наук  |f 1981-  |g Александр Сергеевич  |4 727 
712 0 2 |a Национальный исследовательский Томский политехнический университет  |b Инженерная школа информационных технологий и робототехники  |b Отделение информационных технологий  |3 (RuTPU)RU\TPU\col\23515 
801 2 |a RU  |b 63413507  |c 20200707  |g RCR 
856 4 |u http://earchive.tpu.ru/handle/11683/62180 
942 |c BK